000 00291nam a22001337a 4500
008 170921b xxu||||| |||| 00| 0 eng d
020 _a9780131584150
041 _aeng
080 _22ND
_a78
100 _a45
101 _aMUZ
245 _aELEMENTS OF MUSIC
_cSTRAUS,J,N
942 _2udc
_cBK
999 _c28764
_d28764